Catálogo
 En Linea

Adelina / (Registro nro. 30103)

Detalles MARC
000 -CABECERA
campo de control de longitud fija 00452nam a2200157 a 4500
001 - NÚMERO DE CONTROL
campo de control 000030611
005 - FECHA Y HORA DE LA ÚLTIMA TRANSACCIÓN
campo de control 20240305090859.0
008 - DATOS DE LONGITUD FIJA--INFORMACIÓN GENERAL
campo de control de longitud fija 110525s1927 dr c 000 p spa d
040 ## - FUENTE DE LA CATALOGACIÓN
Centro catalogador/agencia de origen DO-SdBNP
Lengua de catalogación spa
Centro/agencia transcriptor BNPHU
082 ## - NÚMERO DE LA CLASIFICACIÓN DECIMAL DEWEY
Número de clasificación xxxx
Número de documento/Ítem V496a
049 ## - FONDOS LOCALES (OCLC)
Fondos de biblioteca BNPD
100 1# - ENTRADA PRINCIPAL--NOMBRE DE PERSONA
Nombre de persona Verges, Pedro,
Fechas asociadas al nombre 1945-
9 (RLIN) 12149
245 10 - MENCIÓN DE TÍTULO
Título Adelina /
Mención de responsabilidad, etc. Pedro L. Vergés Vidal.
260 ## - PUBLICACIÓN, DISTRIBUCIÓN, ETC.
Lugar de publicación, distribución, etc. Santo Domingo :
Nombre del editor, distribuidor, etc. Imprenta la Cuna de América,
Fecha de publicación, distribución, etc. 1927.
300 ## - DESCRIPCIÓN FÍSICA
Extensión 48 p. :
Otras características físicas retr. ;
Dimensiones 20 cm.
Existencias
Estado de retiro Estado de pérdida Restricciones de uso No para préstamo Código de colección Localización permanente Ubicación/localización actual Ubicación en estantería Fecha de adquisición Número de inventario Total de préstamos Signatura topográfica completa Código de barras Fecha visto por última vez Precio válido a partir de Tipo de ítem Koha Nota pública
      Excluido de préstamo Raros y valiosos Patrimonio Dominicano Patrimonio Dominicano En catalogación 25.05.2011 LF1   xxxx V496a 30611-10 25.06.2020 25.06.2020 No se presta Perteneció a la biblioteca personal de Julio Ortega Frier. Dedicado por el autor.

Con tecnología Koha